|
|
|
|
| LEADER |
00000naa2a2200000 4500 |
| 001 |
383787 |
| 005 |
20231101063151.0 |
| 035 |
|
|
|a (RuTPU)RU\TPU\prd\9703
|
| 090 |
|
|
|a 383787
|
| 100 |
|
|
|a 20030114a2002 k y0rusy50 ca
|
| 101 |
0 |
|
|a rus
|
| 102 |
|
|
|a RU
|
| 200 |
1 |
|
|a Автоматизированные системы, разработанные ИПФ "АСУ-нефть" для управления технологическими процессами
|
| 225 |
1 |
|
|a Это интересно
|
| 461 |
|
1 |
|0 (RuTPU)RU\TPU\prd\2287
|t Промышленные контроллеры АСУ
|o ежемесячный научно-технический производственный журнал
|d 2002-
|
| 463 |
|
1 |
|0 (RuTPU)RU\TPU\prd\3321
|t № 3
|v С. 31-34
|d 2002
|
| 610 |
1 |
|
|a управление технологическими процессами
|
| 610 |
1 |
|
|a автоматизированные системы
|
| 610 |
1 |
|
|a контроль
|
| 610 |
1 |
|
|a теплоснабжение
|
| 610 |
1 |
|
|a энергоснабжение
|
| 610 |
1 |
|
|a нефтяные скважины
|
| 610 |
1 |
|
|a водоснабжение
|
| 610 |
1 |
|
|a бурение
|
| 801 |
|
1 |
|a RU
|b 63413507
|c 20030114
|g PSBO
|
| 801 |
|
2 |
|a RU
|b 63413507
|c 20090320
|g PSBO
|
| 942 |
|
|
|c BK
|